000 00333 a2200145 4500
001 156697
040 _cEscola São Tomás de Aquino
100 _aALVES, Francisco
240 1 0 _aO dodói da Gigi
_lpor
245 1 0 _aO dodói da Gigi
362 0 _a2007
440 1 _aSignus
697 _aTumores e câncer/ leucemia
942 _cBK
999 _c156697
_d156697